ბათუმის შოთა რუსთაველის სახელმწიფო უნივერსიტეტის ბიბლიოთეკა

ადამიანის უფლებები და სასჯელაღსრულების დაწესებულებები : (ბიბ.ჩანაწერი № 59432)

000 -ლიდერი
ფიქსირებული სიგრძის საკონტროლო ველი 01560nam a22002057a 4500
003 - საკონტროლო ნომრის იდენტიფიკატორი
საკონტროლო ველი Ge_BSU
005 - ბოლო ოპერაციის თარიღი და დრო
საკონტროლო ველი 20230222164651.0
008 - ფიქსირებული სიგრძის მონაცემთა ელემენტები - ზოგადი ინფორმაცია
ფიქსირებული სიგრძის საკონტროლო ველი 230215s2005 ge ||||| |||| 00| 0 geo d
041 ## - ენის კოდი
Language code of text/sound track or separate title geo
080 ## - უნივერსალური ათობითი კლასიფიკაციის ინდექსი
Universal Decimal Classification number 342.726-058.57 ა-26
245 ## - ცნობა სათაურის შესახებ
Title ადამიანის უფლებები და სასჯელაღსრულების დაწესებულებები :
Remainder of title მართლმსაჯულების განხორციელებასთან დაკავშირებით ადამიანის უფლებათა საერთაშორისო სამართლებრ. აქტების კრებული /
Statement of responsibility, etc გაეროს ადამიანის უფლებათა უმაღლ. კომისრის ოფისი ; [თარგმ.: ბესარიონ ბოხაშვილი, რუსუდან ტუშური ; რედ. ლაშა ჭელიძე].
264 ## - წარმოების, გამოცემის, დისტრიბუციის და სხვა ცნობები
გამოცემის, წარმოების, დისტრიბუციის... ადგილი თბილისი,
გამოცემის, წარმოების, დისტრიბუციის... სახელწოდება 2007.
300 ## - ფიზიკური აღწერა
Extent 412გვ. ;
Other physical details 20სმ.
500 ## - ზოგადი შენიშვნა
General note თავფურ.: ნიუ-იორკი და ჟენევა 2005.
653 ## - INDEX TERM--UNCONTROLLED
Uncontrolled term ადამიანის ძირითადი უფლებები
653 ## - INDEX TERM--UNCONTROLLED
Uncontrolled term პენინტენციალური სისტემა.
653 ## - INDEX TERM--UNCONTROLLED
Uncontrolled term სასჯელაღსრულების დაწესებულებები
700 ## - ADDED ENTRY--PERSONAL NAME
Personal name ჭელიძე, ლაშა
Relator term რედაქტორი
9 (RLIN) 1297
942 ## - ADDED ENTRY ELEMENTS (KOHA)
Source of classification or shelving scheme
Koha item type წიგნი
ეგზემპლარები
ჩამოწერის სტატუსი დაკარგული ეგზემპლარის სტატუსი კლასიფიკაციის წყარო ან თაროზე გაწყობის სქემა დაზიანების სტატუსი არ გაიცემა მუდმივი მდებარეობა (დაცვის ადგილი) ამჟამინდელი ადგილსამყოფელი თაროზე განთავსების ადგილი შეძენის თარიღი ღირებულება, შესყიდვის ნორმალური ფასი სრული შენახვის შიფრი შტრიხკოდი ბოლო ოპერაციის თარიღი ეგზემპლარის მიმდევრობითი ნომერი (კეტერი?) ფასის ძალაში შესვლის თარიღი ეგზემპლარის სახეობა საჯარო შენიშვნა
          ბათუმის შოთა რუსთაველის სახელმწიფო უნივერსიტეტის მთავარი ბიბლიოთეკა ბათუმის შოთა რუსთაველის სახელმწიფო უნივერსიტეტის მთავარი ბიბლიოთეკა წიგნსაცავი 2023-02-15 7.00 342.726-058.57 ა-26 63803 2023-02-15 63803 2023-02-15 წიგნი 7 ლ.
          ბათუმის შოთა რუსთაველის სახელმწიფო უნივერსიტეტის მთავარი ბიბლიოთეკა ბათუმის შოთა რუსთაველის სახელმწიფო უნივერსიტეტის მთავარი ბიბლიოთეკა წიგნსაცავი 2023-02-15 7.00 342.726-058.57 ა-26 63804 2023-02-15 63804 2023-02-15 წიგნი 7 ლ.